000 00882nam a2200241 a 4500
001 BRCA_7233
005 20190320205748.0
008 240112s19371927nyuac#####---#000-0#eng-#
041 _aeng
044 _anyu
050 4 _aN7616
_b.W44 1937
100 1 _aWehle, Harry B.
_db. 1887.
_q(Harry Brandeis)
_917917
245 1 0 _aAmerican miniatures, 1730-1850
_bone hundred and seventy-three portraits selected with a descriptive account
_cby Harry B. Wehle; & a biographical dictionary of the artists by Theodore Bolton.
260 _aGarden City, Nueva York
_bGarden City
_c1937, c1927
300 _axxv, 127 p.
_bil. (algunas a color), 48 láminas, retratos
_c28 cm.
500 _aIncluye índice alfabético
500 _aP198
650 1 4 _aMiniaturas
_917918
650 1 4 _aPintores estadounidenses
_913443
700 1 _aBolton, Theodore
_917919
902 _aGFM
942 _2lcc
_cB
999 _c6914
_d6914